000 00863nab a2200253 u 4500
001 16541
003 HDC
007 cr bn ---aaaaa
008 210221c20091119xx dr|noo 0 a eng d
040 _aHDC
100 _aSchwartz, Ariel
_eauthor
_916297
245 0 _aiPhone App Scans Bar Codes for Environmental and Heath Ratings / by
_cAriel Schwartz
260 _a[No place] :
_b[publisher not identified],
_c2009
336 _atext
_2rdacontent
337 _acomputer
_2rdamedia
338 _aonline resource
_2rdacarrier
650 _afood products
_92068
650 _ascans barcodes
_916298
710 _aHalal Focus
856 _zRequest full-text at [email protected]
942 _2lcc
942 _cNEWS
942 _kNWSO 005715
999 _c13857
_d13857